PRICING AND REVENUE OPTIMIZATION (Record no. 14777)

MARC details
000 -LEADER
fixed length control field 00341nam a2200133Ia 4500
008 - FIXED-LENGTH DATA ELEMENTS--GENERAL INFORMATION
fixed length control field 240624s9999 xx 000 0 und d
041 ## - LANGUAGE CODE
Language code of text/sound track or separate title eng
082 ## - DEWEY DECIMAL CLASSIFICATION NUMBER
Classification number 658.15 PHI
100 ## - MAIN ENTRY--PERSONAL NAME
Personal name PHILLIPS ROBERT
245 ## - TITLE STATEMENT
Title PRICING AND REVENUE OPTIMIZATION
260 ## - PUBLICATION, DISTRIBUTION, ETC.
Date of publication, distribution, etc. 2005
Place of publication, distribution, etc. California
Name of publisher, distributor, etc. Stanfor University Press
300 ## - PHYSICAL DESCRIPTION
Extent 368 : p.
365 ## - TRADE PRICE
Currency code
Price amount 15
Holdings
Withdrawn status Lost status Damaged status Not for loan Home library Current library Shelving location Date acquired Source of acquisition Cost, normal purchase price Total Holds Full call number Barcode Date last seen Copy number Price effective from Koha item type
        IMTN IMTN Rack 24-A 03/30/2010 BWE 64.95 8989 658.15 PHI 14777 06/24/2024 48.9 06/24/2024 Books
Designed & Maintained by: LRC IMT Nagpur Contact: lrc@imtnag.ac.in© 2024. All Rights Reserved.